01051 2200337 4500001002100000005001500021035002000036007000300056008004100059020002200100082001700122084001900139100003900158245010600197250003500303300002500338500003200363650002000395700002900415700003000444700003600474264002900510336002100539337003000560338002300590040002200613090002200635850001200657999002200669990002200691INLIS00000000087987020230710021721 a0010-0723000241ta230710s2023 yoi g ind d a978-623-186-032-304223a899.2213 a899.2213 VIC l0 aVictor Hugo; penerjemahePengarang10aLes Miserables /cVictor Hugo; penerjemah, Anton Kurnia; penyunting, R.H. Widada, Rika Iffati Farihah aCetakan Pertama, Februari 2023 a594 halaman ;c23 cm ajudul asli : Les Miserables 4aFiksi Indonesia0 aAnton KurniaePenerjemah1 aWidada, R.H.ePenyunting0 aRika Iffati FarihahePenyunting31aSleman :bBentang,c2023 2rdacontentateks 2rdamediaatanpa perantara 2rdacarrieravolume aYOPDYOGbinderda aCB-D.11 2023-1186 aYOPDYOG aCB-D.11/2023-1186 aCB-D.11/2023-1186